|
|
|
|
| LEADER |
00924nam a2200253u 4500 |
| 001 |
4669 |
| 003 |
BD-DhAAL |
| 005 |
20141223100636.0 |
| 008 |
141223s1963 nyuab 000 0 eng |
| 010 |
|
|
|a 63020752
|
| 040 |
|
|
|a DLC
|c CarP
|d DLC
|d BD-DhAAL
|
| 050 |
0 |
0 |
|a AG105
|b .J8 1963
|
| 082 |
|
|
|2 22
|a 036.1
|
| 245 |
0 |
0 |
|a Junior Pears encyclopedia /
|c edited by Edward Blishen
|
| 250 |
|
|
|a 3d ed.
|
| 260 |
|
|
|a New York :
|b Arco Pub. Co.
|c 1963
|
| 300 |
|
|
|a 1 v. (various pagings)
|b illus., maps, diagrs., tables.
|c 19 cm.
|
| 541 |
|
|
|e 4669
|
| 650 |
|
0 |
|a Handbooks, vade-mecums, etc.
|9 6970
|
| 700 |
1 |
|
|a Blishen, Edward,
|d 1920- [from old catalog]
|e ed.
|9 6971
|
| 740 |
|
|
|a Pears encyclopedia.
|
| 942 |
|
|
|2 ddc
|c BK
|
| 999 |
|
|
|c 33345
|d 33345
|
| 952 |
|
|
|0 0
|1 0
|2 ddc
|4 0
|6 036_100000000000000_JUN
|7 0
|9 44537
|a BRACUL
|b BRACUL
|c GEN
|d 2014-12-23
|g 0.00
|l 2
|m 3
|o 036.1 JUN
|p 3010004669
|r 2023-03-31
|s 2023-03-25
|t 1
|w 2014-12-23
|y BK
|z Not price in Register
|